[Event "European Rapid 2014"]
[Site "Wroclaw POL"]
[Date "2014.12.20"]
[Round "7.7"]
[White "Riazantsev, Alexander"]
[Black "Popov, Valerij"]
[Result "1/2-1/2"]
[WhiteTitle "GM"]
[BlackTitle "GM"]
[WhiteElo "2684"]
[BlackElo "2555"]
[WhiteFideId "4125029"]
[BlackFideId "4119410"]
[EventDate "2014.12.20"]

1. d4 d5 2. c4 c6 3. Nc3 Nf6 4. e3 a6 5. Nf3 Bf5 6. Qb3 Ra7 7. Nh4 Bc8 8. a4 e6
9. a5 Bd6 10. Qb6 Ra8 11. Qxd8+ Kxd8 12. c5 Bc7 13. Nf3 Nbd7 14. b4 e5 15. Na4
Re8 16. Nb6 Rb8 17. dxe5 Nxe5 18. Nd4 Bd7 19. Bb2 Ke7 20. h3 Kf8 21. g4 Re7 22.
Nxd7+ Rxd7 23. f3 Re8 24. Kf2 g6 25. Ra3 Rde7 26. Be2 Ra8 27. Re1 h6 28. Bf1 Kg8
29. Rb3 Ned7 30. h4 Be5 31. Bd3 Rae8 32. Bc3 Kf8 33. Rbb1 Kg8 34. g5 hxg5 35.
hxg5 Nh5 36. f4 Bh8 37. Re2 Nf8 38. f5 Be5 39. Rg1 Rd7 40. Bb2 Ng7 41. f6 Nh5
42. Kf3 Nh7 43. Reg2 Nf8 44. Rg4 Rdd8 45. Rh1 Rd7 46. Rgh4 Nh7 47. Rg4 Nf8 48.
Rh3 Nh7 49. Bc3 Nf8 50. Rgh4 Nh7 51. Kg4 Rdd8 52. Rxh5 gxh5+ 53. Rxh5 Nf8 54.
Nf5 Bxc3 55. Nh6+ Kh8 56. Nxf7+ Kg8 57. Nh6+ Kh8 58. Nf7+ Kg8 59. Nh6+ Kh8 60.
Nf7+ Kg8 61. Nh6+ Kh8 62. Nf5+ Kg8 63. Nh6+ Kh8 64. Nf5+ Kg8 65. Ne7+ Rxe7 66.
fxe7 Re8 67. exf8=Q+ Kxf8 68. Bf5 Rxe3 69. Rh7 Re7 70. Rxe7 Kxe7 71. Bc8 Bxb4
72. Bxb7 Bxc5 73. Bxc6 d4 1/2-1/2

[Event "European Rapid 2014"]
[Site "Wroclaw POL"]
[Date "2014.12.20"]
[Round "7.8"]
[White "Belous, Vladimir"]
[Black "Efimenko, Zahar"]
[Result "1-0"]
[WhiteTitle "GM"]
[BlackTitle "GM"]
[WhiteElo "2578"]
[BlackElo "2643"]
[WhiteFideId "4174003"]
[BlackFideId "14107201"]
[EventDate "2014.12.20"]

1. d4 Nf6 2. c4 e6 3. Nc3 Bb4 4. f3 c5 5. d5 O-O 6. e4 Re8 7. Ne2 d6 8. Nf4 e5
9. Nd3 Bxc3+ 10. bxc3 Nh5 11. Be2 f5 12. exf5 Bxf5 13. O-O Nd7 14. Re1 Bg6 15.
Nf2 Qa5 16. Qb3 Rab8 17. a4 Nhf6 18. Bg5 h6 19. Bd2 e4 20. Bf4 Qc7 21. fxe4 Bxe4
22. Nxe4 Rxe4 23. Bg3 Rbe8 24. Bd3 Rxe1+ 25. Rxe1 Rxe1+ 26. Bxe1 Ne5 27. Bf5 Qb6
28. Qc2 Qa6 29. Bg3 Qxc4 30. Bxe5 dxe5 31. Qd1 Kf8 32. d6 Qd5 33. Qb1 Qxd6 34.
h3 b6 35. a5 Ke7 36. a6 Nd5 37. Qe1 Nc7 38. Qg3 Kf8 39. Qf3 Qd5 40. Be4+ Qf7 41.
Qd1 Ke7 42. Qg4 Kd8 43. Bb7 Qd7 44. Qh4+ Qe7 45. Qg4 Ne6 46. Qe4 Nf4 47. Qf5 Qd6
48. c4 Ke7 49. Bf3 Qe6 50. Qe4 Kf6 51. Bg4 Qd6 52. Qf5+ Ke7 53. Bf3 g6 54. Qc8
Qd7 55. Qb7 Kd6 56. Qb8+ Qc7 57. Qf8+ Qe7 58. Qxh6 Kc7 59. Qh8 e4 60. Qa8 Kd6
61. Qb8+ Qc7 62. Qf8+ Ke5 63. Qh8+ Ke6 64. Bg4+ Ke7 65. Qg7+ 1-0

[Event "European Rapid 2014"]
[Site "Wroclaw POL"]
[Date "2014.12.20"]
[Round "7.9"]
[White "Grigoriants, Sergey"]
[Black "Vallejo Pons, Francisco"]
[Result "1/2-1/2"]
[WhiteTitle "GM"]
[BlackTitle "GM"]
[WhiteElo "2570"]
[BlackElo "2705"]
[WhiteFideId "4130804"]
[BlackFideId "2205530"]
[EventDate "2014.12.20"]

1. e4 e5 2. Nf3 Nc6 3. Bb5 Nf6 4. O-O Nxe4 5. d4 Nd6 6. Bxc6 dxc6 7. dxe5 Nf5 8.
Qxd8+ Kxd8 9. h3 Bd7 10. Rd1 Kc8 11. Nc3 h6 12. b3 Ne7 13. Bb2 Ng6 14. Ne2 a5
15. a4 b6 16. Ne1 c5 17. Nd3 h5 18. Ndf4 Nxf4 19. Nxf4 Bf5 20. Rd2 Kb7 21. Rad1
g5 22. Nd5 Bg7 23. Ne3 Be6 24. g4 hxg4 25. hxg4 Rh4 26. f3 Rah8 27. Nf5 Rh1+ 28.
Kg2 R8h2+ 29. Kg3 Rh3+ 30. Kg2 R3h2+ 31. Kg3 Rh3+ 32. Kg2 R3h2+ 33. Kg3 Rh3+ 34.
Kg2 R3h2+ 35. Kg3 Rh3+ 36. Kg2 R3h2+ 37. Kg3 1/2-1/2

[Event "European Rapid 2014"]
[Site "Wroclaw POL"]
[Date "2014.12.20"]
[Round "7.10"]
[White "Piorun, Kacper"]
[Black "Alekseev, Evgeny"]
[Result "1-0"]
[WhiteTitle "GM"]
[BlackTitle "GM"]
[WhiteElo "2517"]
[BlackElo "2679"]
[WhiteFideId "1130420"]
[BlackFideId "4138147"]
[EventDate "2014.12.20"]

1. e4 c5 2. Nf3 e6 3. d4 cxd4 4. Nxd4 Nc6 5. Nc3 a6 6. Nxc6 bxc6 7. Bd3 d5 8.
O-O Nf6 9. Qe2 Be7 10. b3 O-O 11. Bb2 Bb7 12. Rfe1 Qc7 13. Rad1 Rfd8 14. e5 Nd7
15. Na4 c5 16. c4 d4 17. Bc1 Nb6 18. Nxb6 Qxb6 19. Qg4 a5 20. Bh6 Bf8 21. h4 a4
22. h5 Kh8 23. Bg5 Rd7 24. h6 g6 25. bxa4 Rxa4 26. Re2 Qa6 27. Rdd2 Ra3 28. Qg3
Kg8 29. Rb2 Qa8 30. Red2 Rc3 31. Qg4 Qa6 32. Rb5 Qc6 33. f3 Qa6 34. Qf4 Rc7 35.
Bf1 Bc6 36. Rb8 Rc8 37. Rdb2 Bd7 38. R2b7 Qc6 39. Rb6 Qa4 40. Rxc8 Bxc8 41. Qf6
Qd7 42. Qd8 Qxd8 43. Bxd8 Bxh6 44. Rb8 Be3+ 45. Kh1 g5 46. Rxc8 Kg7 47. Bf6+ Kh6
48. g4 Rc1 49. Kg2 Rc2+ 50. Kh1 Rc1 51. Kg2 Rc2+ 52. Kh3 Bf4 53. Bg2 d3 54. Rg8
d2 55. Bg7+ Kg6 56. Bf8# 1-0

[Event "European Rapid 2014"]
[Site "Wroclaw POL"]
[Date "2014.12.20"]
[Round "7.11"]
[White "Bartel, Mateusz"]
[Black "Sivuk, Vitaly"]
[Result "1-0"]
[WhiteTitle "GM"]
[BlackTitle "IM"]
[WhiteElo "2664"]
[BlackElo "2501"]
[WhiteFideId "1112635"]
[BlackFideId "14116502"]
[EventDate "2014.12.20"]

1. e4 c6 2. Nc3 d5 3. Nf3 Bg4 4. h3 Bh5 5. Be2 e6 6. d3 Nd7 7. Bf4 Bb4 8. O-O
Ne7 9. Nd2 Bxe2 10. Nxe2 e5 11. Bh2 O-O 12. Nf3 Bd6 13. Nc3 Bc7 14. Qe2 Re8 15.
Rad1 d4 16. Nb1 Ng6 17. c3 c5 18. Nbd2 b5 19. Ra1 Bb6 20. a4 a6 21. Ra2 Nf6 22.
Rfa1 Rc8 23. axb5 axb5 24. c4 b4 25. Ne1 Qd7 26. Qd1 h6 27. Bg3 Nh7 28. Ndf3 f5
29. Ra6 Rb8 30. exf5 Qxf5 31. Nd2 Nf6 32. Qf3 Qd7 33. Ne4 Rf8 34. Qe2 Qc6 35.
Nf3 Rbe8 36. Nfd2 Nd7 37. Nb3 Qc7 38. Qg4 Nf4 39. Rxb6 Nxb6 40. Nbxc5 Qc8 41.
Bxf4 Qxg4 42. hxg4 exf4 43. Ra6 Nc8 44. Ra4 f3 45. Rxb4 fxg2 46. Kxg2 Rf4 47. f3
Na7 48. Rb6 Ra8 49. Ra6 Rff8 50. b4 Rfb8 51. b5 Nc8 52. Re6 Ra2+ 53. Kg3 Nb6 54.
Na6 Rb7 55. Nec5 Rf7 56. Rxb6 Ra1 57. Ne4 Rd1 58. Nac5 Rg1+ 59. Kf2 Rh1 60. Ne6 1-0

[Event "European Rapid 2014"]
[Site "Wroclaw POL"]
[Date "2014.12.20"]
[Round "7.12"]
[White "Moiseenko, Alexander"]
[Black "Kulaots, Kaido"]
[Result "1-0"]
[WhiteTitle "GM"]
[BlackTitle "GM"]
[WhiteElo "2692"]
[BlackElo "2563"]
[WhiteFideId "14102560"]
[BlackFideId "4500261"]
[EventDate "2014.12.20"]

1. d4 Nf6 2. c4 Nc6 3. Nc3 e5 4. d5 Ne7 5. h4 h5 6. Bg5 Ng6 7. e3 d6 8. Bd3 Be7
9. Qc2 Nf8 10. O-O-O N8d7 11. Kb1 Nc5 12. Be2 Ng4 13. Bxe7 Qxe7 14. Bxg4 Bxg4
15. f3 Bd7 16. b4 Na6 17. a3 Nb8 18. Nge2 a5 19. Nc1 Na6 20. Nd3 b6 21. Kb2 O-O
22. e4 Rab8 23. b5 Nc5 24. Nxc5 bxc5 25. Qd2 f5 26. Qg5 Qxg5 27. hxg5 g6 28. Kb3
Kg7 29. Ka4 fxe4 30. Nxe4 Rf4 31. Kb3 Ra8 32. Ng3 a4+ 33. Kc3 Rb8 34. Rde1 Rbf8
35. Re3 R4f7 36. Ne4 Rf5 37. Kd2 Rf4 38. Ke2 h4 39. Rh2 Bf5 40. Nd2 Rd4 41. Rh1
Rh8 42. Rc3 Rh5 43. Nf1 Rxg5 44. Ne3 Bd7 45. Rc2 Rf4 46. Rb2 e4 47. b6 cxb6 48.
Rxb6 exf3+ 49. gxf3 Re5 50. Rxd6 Bf5 1-0

[Event "European Rapid 2014"]
[Site "Wroclaw POL"]
[Date "2014.12.20"]
[Round "7.13"]
[White "Stopa, Jacek"]
[Black "Fedorchuk, Sergey A."]
[Result "0-1"]
[WhiteTitle "IM"]
[BlackTitle "GM"]
[WhiteElo "2521"]
[BlackElo "2669"]
[WhiteFideId "1119591"]
[BlackFideId "14102536"]
[EventDate "2014.12.20"]

1. d4 Nf6 2. c4 e6 3. Nc3 Bb4 4. f3 d5 5. a3 Bxc3+ 6. bxc3 c5 7. cxd5 Nxd5 8.
dxc5 Qa5 9. e4 Nf6 10. Be3 O-O 11. Qb3 Nfd7 12. a4 Qc7 13. Qa3 b6 14. a5 Bb7 15.
a6 Bc8 16. Bb5 Nxc5 17. Bxc5 bxc5 18. Qa5 Qd6 19. Ne2 Nc6 20. Qa4 Ne5 21. Rd1
Qc7 22. c4 Rb8 23. O-O Rb6 24. Rd2 Nc6 25. Ra1 Nb4 26. Qd1 h6 27. f4 Bxa6 28.
Rd7 Qb8 29. Bxa6 Rxa6 30. Rxa6 Nxa6 31. e5 Nb4 32. Ng3 Nc6 33. Qg4 Nd4 34. h4 a5
35. Kh2 a4 36. Nh5 Nf5 37. Qd1 Qb3 38. Qxb3 axb3 39. Rb7 Nd4 40. Ng3 Ra8 41. Ne4
Ra4 42. Nxc5 Rxc4 43. Rb8+ Kh7 44. Nd7 h5 45. g4 Rc2+ 46. Kg3 Rc3+ 47. Kg2 hxg4
48. h5 Rc2+ 49. Kg3 Nf5+ 50. Kxg4 Rg2+ 51. Kf3 Nh4+ 52. Ke3 b2 53. Nf8+ Kh6 54.
Nxe6 Kxh5 55. Nd4 Kg4 56. Rb7 g6 57. Ne2 Nf5+ 58. Kd3 Ng3 59. Nd4 Kxf4 60. Rxf7+
Nf5 61. Rb7 Nxd4 62. Kxd4 Rd2+ 63. Kc3 Re2 64. Rf7+ Kxe5 0-1

[Event "European Rapid 2014"]
[Site "Wroclaw POL"]
[Date "2014.12.20"]
[Round "7.14"]
[White "Inarkiev, Ernesto"]
[Black "Kosyrev, Vladimir"]
[Result "1-0"]
[WhiteTitle "GM"]
[BlackTitle "GM"]
[WhiteElo "2680"]
[BlackElo "2520"]
[WhiteFideId "4162722"]
[BlackFideId "4122259"]
[EventDate "2014.12.20"]

1. c4 e6 2. Nc3 d5 3. d4 Nf6 4. Bg5 Be7 5. e3 O-O 6. Nf3 h6 7. Bh4 b6 8. Be2 Bb7
9. O-O Ne4 10. Bxe7 Qxe7 11. Rc1 Nxc3 12. Rxc3 dxc4 13. Bxc4 Rc8 14. Qe2 c5 15.
Rfc1 cxd4 16. Nxd4 Nc6 17. Nf3 Nb4 18. e4 a5 19. a3 Na6 20. Nd4 Nc5 21. f3 Rd8
22. Rd1 Rd7 23. Bb5 Rd6 24. Rc2 a4 25. Rcd2 Rad8 26. Qe3 Kh7 27. Ne2 Ba6 28.
Bxa6 Nxa6 29. Nc3 Nc5 30. g3 R8d7 31. e5 Rxd2 32. Rxd2 Qd8 33. Rxd7 Qxd7 34. Kg2
Kg8 35. h4 h5 36. Kh3 Qc6 37. Kg2 Qd7 38. Kf1 Qb7 39. Kf2 Qa6 40. Qd4 Qd3 41.
Qxd3 Nxd3+ 42. Ke3 Nxb2 43. Kd4 Kf8 44. g4 hxg4 45. fxg4 f6 46. exf6 gxf6 47.
Ne4 Kg7 48. Kc3 Nd1+ 49. Kd2 Nb2 50. Kc3 Nd1+ 51. Kd2 Nb2 52. Nd6 Kh6 53. Kc2 f5
54. g5+ Kh5 55. Kxb2 f4 56. Kc3 e5 57. Kd3 Kg6 58. Ke4 Kh5 59. Kf3 Kg6 60. Kg4
Kg7 61. h5 Kh7 62. Nb5 Kg7 63. Nc3 Kh7 64. Nxa4 1-0

[Event "European Rapid 2014"]
[Site "Wroclaw POL"]
[Date "2014.12.20"]
[Round "7.15"]
[White "Alekseenko, Kirill"]
[Black "Bologan, Viktor"]
[Result "1-0"]
[WhiteTitle "FM"]
[BlackTitle "GM"]
[WhiteElo "2499"]
[BlackElo "2643"]
[WhiteFideId "4135539"]
[BlackFideId "13900048"]
[EventDate "2014.12.20"]

1. e4 g6 2. d4 Bg7 3. Nc3 c6 4. f4 Qb6 5. Nf3 Nh6 6. Be2 d5 7. exd5 Bg4 8. Ne5
Bxe2 9. Qxe2 Nf5 10. Bd2 O-O 11. O-O-O cxd5 12. Be3 e6 13. g4 Nxe3 14. Qxe3 Nc6
15. h4 Nxe5 16. fxe5 h6 17. Rhf1 Rac8 18. Ne2 Qc7 19. Qd3 Qe7 20. g5 hxg5 21. h5
gxh5 22. Ng3 g4 23. Nxh5 Qg5+ 24. Nf4 f5 25. Kb1 Rc6 26. Qg3 Bh6 27. Rd2 Kf7 28.
Rh2 Ke8 29. Qb3 Rf7 30. Qa4 Kd7 31. Qxa7 Kc7 32. Qa5+ Kb8 33. Rh5 Qg7 34. Qd8+
Ka7 35. Nd3 g3 36. Nc5 Rfc7 37. Rh3 b6 38. Nxe6 Rxe6 39. Rxg3 1-0

[Event "European Rapid 2014"]
[Site "Wroclaw POL"]
[Date "2014.12.20"]
[Round "7.16"]
[White "Volokitin, Andrei"]
[Black "Jaracz, Pawel"]
[Result "1-0"]
[WhiteTitle "GM"]
[BlackTitle "GM"]
[WhiteElo "2626"]
[BlackElo "2503"]
[WhiteFideId "14107090"]
[BlackFideId "1102222"]
[EventDate "2014.12.20"]

1. e4 c5 2. Nf3 e6 3. d4 cxd4 4. Nxd4 a6 5. Nc3 d6 6. g4 b5 7. Bg2 Bb7 8. O-O
Ne7 9. f4 Nbc6 10. Be3 Nxd4 11. Qxd4 Nc6 12. Qd2 Be7 13. Rad1 Rc8 14. Qf2 O-O
15. Bb6 Qe8 16. g5 e5 17. Bh3 Ra8 18. Nd5 exf4 19. Qxf4 Ne5 20. Nc7 Qc6 21. Nxa8
Bxa8 22. Bd4 Qxc2 23. Bg2 Ng6 24. Qe3 Nh4 25. Bh1 Qc4 26. Qg3 Ng6 27. h4 h5 28.
gxh6 Bxh4 29. Qxg6 fxg6 30. Rxf8+ Kxf8 31. h7 Qe2 32. h8=Q+ Kf7 33. Qxg7+ Ke8
34. Rf1 1-0

[Event "European Rapid 2014"]
[Site "Wroclaw POL"]
[Date "2014.12.20"]
[Round "7.17"]
[White "Gajewski, Grzegorz"]
[Black "Czakon, Jakub"]
[Result "1-0"]
[WhiteTitle "GM"]
[BlackTitle "IM"]
[WhiteElo "2643"]
[BlackElo "2479"]
[WhiteFideId "1116207"]
[BlackFideId "1120840"]
[EventDate "2014.12.20"]

1. d4 f5 2. Nf3 Nf6 3. g3 g6 4. Bg2 Bg7 5. O-O O-O 6. c4 d6 7. Nc3 c6 8. Re1 Ne4
9. Qc2 Nxc3 10. bxc3 e5 11. dxe5 dxe5 12. Ba3 Re8 13. Rad1 Qf6 14. e4 f4 15. Rd6
Be6 16. Bh3 Na6 17. Qb3 fxg3 18. hxg3 Qxf3 19. Bxe6+ Kh8 20. Re3 Qh5 21. Bd7 Rf8
22. Rdd3 Bh6 23. Bxf8 Rxf8 24. Qa3 Rxf2 25. Kxf2 Qh2+ 26. Kf1 Qh1+ 27. Ke2 Qg2+
28. Kd1 Qf1+ 29. Kc2 Qf2+ 30. Kb1 Bxe3 31. Rxe3 1-0

[Event "European Rapid 2014"]
[Site "Wroclaw POL"]
[Date "2014.12.20"]
[Round "7.18"]
[White "Kovalev, Vladislav"]
[Black "Djuric, Stefan"]
[Result "1-0"]
[WhiteTitle "GM"]
[BlackTitle "GM"]
[WhiteElo "2539"]
[BlackElo "2402"]
[WhiteFideId "13504398"]
[BlackFideId "900133"]
[EventDate "2014.12.20"]

1. e4 e5 2. Nf3 Nc6 3. Bc4 Nf6 4. Ng5 d5 5. exd5 Nd4 6. c3 b5 7. cxd4 bxc4 8.
dxe5 Nxd5 9. Qa4+ Qd7 10. Qxc4 Nb4 11. O-O Ba6 12. Qe4 Qc6 13. Qxc6+ Nxc6 14. d3
h6 15. Nf3 Nb4 16. Nc3 Nc2 17. Rb1 Bxd3 18. Rd1 Nb4 19. Ra1 Bc2 20. Rd2 Bg6 21.
Nb5 Rc8 22. Nxa7 Rb8 23. a3 Nd3 24. Nc6 Rb6 25. Ne1 Rxc6 26. Nxd3 Be7 27. Nf4
Bg5 28. Rd4 Bf5 29. Be3 Rc2 30. b4 O-O 31. Nd5 Re8 32. Bxg5 c5 33. bxc5 hxg5 34.
Ne3 Rxc5 35. Nxf5 Rexe5 36. Ne3 f5 37. g3 Rc3 38. a4 Ra5 39. Rd5 1-0

[Event "European Rapid 2014"]
[Site "Wroclaw POL"]
[Date "2014.12.20"]
[Round "7.19"]
[White "Socko, Monika"]
[Black "Bosiocic, Marin"]
[Result "0-1"]
[WhiteTitle "GM"]
[BlackTitle "GM"]
[WhiteElo "2470"]
[BlackElo "2555"]
[WhiteFideId "1106619"]
[BlackFideId "14507927"]
[EventDate "2014.12.20"]

1. d4 d5 2. c4 c6 3. cxd5 cxd5 4. Nc3 Nf6 5. Bf4 Nc6 6. e3 a6 7. Bd3 e6 8. Rc1
Be7 9. Nf3 Nh5 10. Be5 O-O 11. O-O f6 12. Ng5 Qe8 13. Nxh7 fxe5 14. Nxf8 Bxf8
15. dxe5 Nxe5 16. Be2 Nf6 17. f4 Nc4 18. Rf3 Bc5 19. Bxc4 dxc4 20. Na4 Ba7 21.
Kh1 b5 22. Nc3 Bb7 23. Rg3 Rd8 24. Qe1 Qh5 25. Rd1 Rd3 26. Rxd3 cxd3 27. Qd1
Qxd1+ 28. Nxd1 Kf7 29. Kg1 Bd5 30. b3 a5 31. Nc3 d2 32. Nd1 a4 33. Kf1 axb3 34.
axb3 Bxb3 35. Ke2 Ne4 36. Rh3 Bxd1+ 0-1

[Event "European Rapid 2014"]
[Site "Wroclaw POL"]
[Date "2014.12.20"]
[Round "7.20"]
[White "Lysyj, Igor"]
[Black "Meskovs, Nikita"]
[Result "0-1"]
[WhiteTitle "GM"]
[BlackTitle "FM"]
[WhiteElo "2686"]
[BlackElo "2452"]
[WhiteFideId "4150120"]
[BlackFideId "11602740"]
[EventDate "2014.12.20"]

1. d4 Nf6 2. c4 g6 3. Nc3 d5 4. Bf4 Bg7 5. e3 O-O 6. Rc1 dxc4 7. Bxc4 c6 8. Nf3
Bg4 9. h3 Bxf3 10. Qxf3 Nbd7 11. O-O Qa5 12. Rfd1 e5 13. Bh2 exd4 14. exd4 Nb6
15. Bb3 Rad8 16. Bc7 Rc8 17. Be5 Nbd7 18. Bd6 Rfe8 19. Re1 Qh5 20. g4 Qh4 21. d5
Rxe1+ 22. Rxe1 h5 23. dxc6 Rxc6 24. Nb5 Qg5 25. Qd3 Rc1 26. Rxc1 Qxc1+ 27. Kg2
hxg4 28. hxg4 Qc6+ 29. f3 Nxg4 30. Nxa7 Ne3+ 31. Kg3 Qxd6+ 32. Qxd6 Nf5+ 0-1

[Event "European Rapid 2014"]
[Site "Wroclaw POL"]
[Date "2014.12.20"]
[Round "7.21"]
[White "Petrosyan, Tigran S."]
[Black "Swiercz, Dariusz"]
[Result "1/2-1/2"]
[WhiteTitle "FM"]
[BlackTitle "GM"]
[WhiteElo "2429"]
[BlackElo "2616"]
[WhiteFideId "13303678"]
[BlackFideId "1126881"]
[EventDate "2014.12.20"]

1. g3 g6 2. Bg2 Bg7 3. e4 c5 4. c3 Nc6 5. Ne2 e5 6. d3 Nge7 7. Be3 d6 8. O-O O-O
9. Na3 b6 10. Nc2 d5 11. d4 exd4 12. cxd4 Ba6 13. exd5 Nxd5 14. dxc5 Nxe3 15.
Nxe3 Qxd1 16. Rfxd1 Bxe2 17. Bxc6 Bxd1 18. Bxa8 Ba4 19. Bd5 bxc5 20. Rb1 Bd4 21.
b3 Bd7 22. Kg2 Re8 23. Re1 Re5 24. Bf3 Bf5 25. Rc1 Bd3 26. Rd1 Bb5 27. Nc2 Bc3
28. Ne3 Kg7 29. Rd6 Re6 30. Rd5 Re5 31. Rd6 Re6 32. Rd5 Bd4 33. Nc2 Bc6 34. Nxd4
Bxd5 35. Nxe6+ fxe6 36. Bxd5 exd5 37. f4 Kf6 38. g4 Ke6 39. Kf3 Kd6 40. Ke3 a5
41. Kd3 Kc6 42. Kc3 Kd6 1/2-1/2

[Event "European Rapid 2014"]
[Site "Wroclaw POL"]
[Date "2014.12.20"]
[Round "7.22"]
[White "Miton, Kamil"]
[Black "Kuzmicz, Krystian"]
[Result "1/2-1/2"]
[WhiteTitle "GM"]
[BlackTitle "IM"]
[WhiteElo "2601"]
[BlackElo "2469"]
[WhiteFideId "1111914"]
[BlackFideId "1119125"]
[EventDate "2014.12.20"]

1. d4 d5 2. c4 Bf5 3. Nc3 e6 4. Nf3 Nc6 5. cxd5 exd5 6. Bf4 Nf6 7. e3 Bb4 8. Bg5
h6 9. Bxf6 Bxc3+ 10. bxc3 Qxf6 11. Qb3 O-O-O 12. Be2 g5 13. O-O g4 14. Nd2 Rhe8
15. Qb2 h5 16. Bb5 a6 17. Ba4 Bd3 18. Rfe1 h4 19. Bc2 Bxc2 20. Qxc2 g3 21. fxg3
hxg3 22. hxg3 Qg5 23. e4 Qxg3 24. Nf3 Qg6 25. Nd2 Re7 26. Re2 Qh5 27. Rae1 Rh8
28. Nf3 Rg8 29. Qd3 Qg6 30. Nh4 Qh7 31. Nf5 Rxe4 32. Rxe4 dxe4 33. Qxe4 Kb8 34.
d5 Nd8 35. Ne7 Qxe4 36. Rxe4 Rg3 37. c4 Ra3 38. Rg4 Re3 39. Nf5 Re5 40. Nd4 c6
41. Nf3 Rf5 42. Rd4 cxd5 43. cxd5 Kc7 44. d6+ Kd7 45. Kf2 Nc6 46. Rd2 Ne5 47. a4
Nxf3 48. gxf3 Rf6 49. Rb2 Kc6 50. Rc2+ Kxd6 51. Ke3 Rf5 52. Rb2 Kc6 53. Rc2+ Rc5
54. Ra2 Rc4 55. Kd3 Rf4 56. Ke3 Rb4 57. f4 f5 58. a5 Kb5 59. Ra1 Re4+ 60. Kf3
Ra4 61. Rb1+ Rb4 62. Ra1 Rb3+ 63. Kf2 Rb4 64. Ke3 Re4+ 65. Kf3 Ra4 66. Rb1+ Kxa5
67. Rxb7 Rb4 68. Rf7 Rb3+ 69. Ke2 Rb5 70. Kd3 Kb4 71. Kc2 Kc4 72. Rf6 a5 73. Rd6
a4 74. Ra6 Rb4 75. Ra5 a3 76. Rxf5 Rb2+ 77. Kc1 Rf2 78. Kb1 Kb3 79. Rb5+ Ka4 80.
Rf5 Rb2+ 81. Ka1 Rf2 82. Rf8 a2 83. f5 Ka3 84. Ra8+ Kb3 85. Rb8+ Ka3 1/2-1/2

[Event "European Rapid 2014"]
[Site "Wroclaw POL"]
[Date "2014.12.20"]
[Round "7.23"]
[White "Skytte, Rasmus"]
[Black "Mastrovasilis, Dimitrios"]
[Result "1/2-1/2"]
[WhiteTitle "IM"]
[BlackTitle "GM"]
[WhiteElo "2424"]
[BlackElo "2608"]
[WhiteFideId "1404210"]
[BlackFideId "4202694"]
[EventDate "2014.12.20"]

1. e4 c5 2. c3 Nf6 3. e5 Nd5 4. d4 cxd4 5. Nf3 e6 6. cxd4 d6 7. Bc4 Be7 8. O-O
O-O 9. Qe2 b6 10. Nc3 Nxc3 11. bxc3 Bb7 12. Bf4 Nc6 13. Rad1 dxe5 14. Nxe5 Nxe5
15. Bxe5 Rc8 16. Bb3 Bf6 17. f4 Rxc3 18. d5 Bxe5 19. Qxe5 Qf6 20. Qxf6 gxf6 21.
dxe6 fxe6 22. f5 Bd5 23. fxe6 Bxb3 24. axb3 1/2-1/2

[Event "European Rapid 2014"]
[Site "Wroclaw POL"]
[Date "2014.12.20"]
[Round "7.24"]
[White "Moranda, Wojciech"]
[Black "Bodnaruk, Anastasia"]
[Result "1-0"]
[WhiteTitle "GM"]
[BlackTitle "IM"]
[WhiteElo "2591"]
[BlackElo "2416"]
[WhiteFideId "1122401"]
[BlackFideId "4181751"]
[EventDate "2014.12.20"]

1. d4 d6 2. e4 g6 3. c4 Bg7 4. Nc3 Nf6 5. f4 O-O 6. Nf3 c5 7. d5 e6 8. Be2 exd5
9. cxd5 Bg4 10. O-O a6 11. a4 Ne8 12. Be3 Nd7 13. h3 Bxf3 14. Bxf3 Rb8 15. Qc2
Nc7 16. Rad1 b5 17. e5 dxe5 18. f5 b4 19. Ne2 b3 20. Qb1 Rb4 21. Nc3 Na8 22. d6
Nab6 23. Bf2 Rf4 24. fxg6 hxg6 25. a5 Nc4 26. Bd5 Nxd6 27. Bxb3 Nf5 28. Nd5 Nd4
29. Nxf4 Nxb3 30. Nd5 Nd4 31. Rfe1 f5 32. b4 Kh7 33. Qc1 cxb4 34. Nxb4 Qxa5 35.
Nc6 Qd5 36. Nxd4 exd4 37. Re7 d3 38. Qc7 Rf7 39. Rxd3 Qxd3 40. Rxf7 Qb1+ 41. Kh2
Qb8 42. Rxd7 1-0

[Event "European Rapid 2014"]
[Site "Wroclaw POL"]
[Date "2014.12.20"]
[Round "7.25"]
[White "Raetsky, Alexander"]
[Black "Deviatkin, Andrei"]
[Result "1-0"]
[WhiteTitle "GM"]
[BlackTitle "GM"]
[WhiteElo "2423"]
[BlackElo "2528"]
[WhiteFideId "4103203"]
[BlackFideId "4121260"]
[EventDate "2014.12.20"]

1. e4 c6 2. d4 d5 3. f3 e6 4. Be3 Nd7 5. Nd2 Qb6 6. Bd3 Ngf6 7. Ne2 c5 8. e5 c4
9. Bxc4 dxc4 10. exf6 Nxf6 11. O-O Qc6 12. Nc3 Be7 13. Qe2 b5 14. a4 b4 15. Nb5
Nd5 16. Qxc4 Qxc4 17. Nxc4 a6 18. Nbd6+ Bxd6 19. Nxd6+ Ke7 20. Nc4 a5 21. Rfe1
Bb7 22. Rac1 Rhc8 23. Nd2 Bc6 24. b3 Nc3 25. Nc4 Ra6 26. Bd2 Bd5 27. Bxc3 Bxc4
28. bxc4 bxc3 29. c5 Rb8 30. Kf2 Rb4 31. Ke3 Rxa4 32. Ra1 Rb4 33. Kd3 Kd7 34.
Kxc3 Rb8 35. Reb1 Rxb1 36. Rxb1 Kc6 37. Kb3 e5 38. c3 exd4 39. cxd4 Kd5 40. Kc3
a4 41. Rb6 Rxb6 42. cxb6 Kc6 43. Kb4 Kxb6 44. Kxa4 Kc6 45. Kb4 Kd5 46. Kc3 1-0

[Event "European Rapid 2014"]
[Site "Wroclaw POL"]
[Date "2014.12.20"]
[Round "7.26"]
[White "Kempinski, Robert"]
[Black "Dobrowolski, Piotr"]
[Result "0-1"]
[WhiteTitle "GM"]
[BlackTitle "IM"]
[WhiteElo "2626"]
[BlackElo "2434"]
[WhiteFideId "1105663"]
[BlackFideId "1106236"]
[EventDate "2014.12.20"]

1. d4 Nf6 2. c4 g6 3. g3 c6 4. Nf3 Bg7 5. Bg2 d5 6. cxd5 cxd5 7. Ne5 O-O 8. Nc3
e6 9. O-O Nfd7 10. Nf3 Nc6 11. Bf4 Nf6 12. Rc1 Bd7 13. Bd6 Re8 14. Ne5 Bf8 15.
Bxf8 Rxf8 16. e3 Qe7 17. f4 Ne8 18. e4 dxe4 19. Nxe4 Nxe5 20. fxe5 Bc6 21. Nf6+
Nxf6 22. exf6 Qb4 23. Bxc6 bxc6 24. b3 Rfd8 25. Rc4 Qd6 26. Qc1 Rac8 27. Qe3 h5
28. Rf2 Kf8 29. Rf4 Ke8 30. Re4 Rc7 31. Re5 Rb8 32. Qc3 Kd7 33. Kg2 Rb5 34. Rcc5
Rxc5 35. Rxc5 Rb7 36. a4 Rb6 37. b4 a6 38. Kh3 Kc7 39. b5 axb5 40. axb5 Kb7 41.
bxc6+ Rxc6 42. Rxc6 Qxc6 43. Qxc6+ Kxc6 44. Kh4 Kd5 45. Kg5 e5 46. dxe5 Kxe5 47.
h3 Ke6 48. g4 hxg4 49. hxg4 Ke5 50. Kh4 Kf4 51. Kh3 g5 0-1

[Event "European Rapid 2014"]
[Site "Wroclaw POL"]
[Date "2014.12.20"]
[Round "7.27"]
[White "Abergel, Thal"]
[Black "Jussupow, Artur"]
[Result "0-1"]
[WhiteTitle "GM"]
[BlackTitle "GM"]
[WhiteElo "2400"]
[BlackElo "2582"]
[WhiteFideId "614890"]
[BlackFideId "4618777"]
[EventDate "2014.12.20"]

1. e4 e6 2. d4 d5 3. Nc3 Bb4 4. a3 Bxc3+ 5. bxc3 Ne7 6. Qg4 Ng6 7. e5 b6 8. h4
h5 9. Qg3 Ba6 10. Bxa6 Nxa6 11. Qd3 Nb8 12. Bg5 Qd7 13. a4 Nc6 14. a5 Nxa5 15.
Ne2 Rc8 16. Ng3 c5 17. O-O cxd4 18. cxd4 Qc6 19. Qf3 Qc3 20. Qxc3 Rxc3 21. Bd2
Rc4 22. Bxa5 bxa5 23. Rxa5 Rxd4 24. Rxa7 O-O 25. Nxh5 Rxh4 26. Ng3 Rc8 27. Re1
Rxc2 28. Ra8+ Kh7 29. Ra7 Rf4 30. f3 Rb4 31. Nf1 d4 32. Rxf7 Rbb2 33. g3 d3 34.
Rd7 Rg2+ 35. Kh1 Rge2 36. Rd1 Nxe5 37. R7xd3 Nxd3 38. Rxd3 Re1 0-1